| 000 | 00886cam a2200253 a 4500 | ||
|---|---|---|---|
| 999 |
_c3483 _d3483 |
||
| 008 | 920921m19921993nyua 001 0 eng | ||
| 020 | _a0521434033 (v. 1) | ||
| 020 | _a052143565X (pbk. : v. 1) | ||
| 020 | _a0521434041 (v. 2) | ||
| 020 | _a0521435668 (pbk. : v. 2) | ||
| 040 | _aDLC | ||
| 082 | 0 | 0 |
_a671.52 _220 _bD2551 |
| 100 | 1 |
_aDavies, A. C. _q(Arthur Cyril) |
|
| 245 | 1 | 4 |
_aThe science and practice of welding / _cA.C. Davies. |
| 250 | _a10th ed. | ||
| 260 |
_aCambridge : _aNew York, NY, USA : _bCambridge University Press, _c1992-c1993. |
||
| 300 |
_a2 v. : _bill. ; _c24 cm. |
||
| 500 | _aIncludes indexes. | ||
| 505 | 0 | _av. 1. Welding science and technology -- v. 2. The practice of welding. | |
| 650 | 0 | _aWelding. | |
| 856 | 4 | 2 | _uhttp://www.loc.gov/catdir/description/cam025/92034365.html |
| 856 | 4 | 1 | _uhttp://www.loc.gov/catdir/toc/cam029/92034365.html |
| 942 | _cBK | ||